000 00318nam a22001457a 4500
082 _a474
_bDHA/S
100 _aSHASTHRI,DHARMAPAL
100 _aVAMSHEEDHAR
245 _aSUGAM HINDI VYAKARAN
250 _aFIRST
260 _aDELHI
_bSHIKSHA BHARATHI
_c2019
300 _a192
650 _aGRAMMAR
_zDELHI
942 _cBK
999 _c4450
_d4450